Zakwalifikowane państwa do Mistrzostw Świata 2026 - Statystyki

Ogólne statystyki
  • Ten quiz został rozwiązany 20 razy
  • Średni wynik to 6 z 8
Statystyki odpowiedzi
Państwo % Poprawnych
Kanada
100%
USA
100%
Meksyk
94%
Argentyna
78%
Japonia
78%
Nowa Zelandia
67%
Iran
61%
Uzbekistan / ZEA
39%
Nie znaleziono quizów pasujących do podanych kryteriów
Rozkład punktacji
Procent ludzi z każdym wynikiem
Percentyl według liczby udzielonych odpowiedzi
Twoja historia wyników
Nie rozwiązałeś tego quizu